| Tag |
First Indicator |
Second Indicator |
Subfields |
| LEADER |
00000cam a2200000 a 4500 |
| 001 |
in00001307721 |
| 005 |
20151005063426.0 |
| 008 |
960822s1962 xxu 000 0 eng d |
| 035 |
|
|
|a (OCoLC)35289265
|
| 035 |
|
|
|9 AHB9275AM
|
| 040 |
|
|
|a TXA
|c TXA
|d UtOrBLW
|
| 049 |
|
|
|a TXAM
|
| 090 |
|
|
|a VM391
|b .S3952 1962
|
| 100 |
1 |
|
|a Shaw, Alexander.
|
| 245 |
1 |
0 |
|a Liberty ships :
|b twenty years later ; addendum No. 1 /
|c by Alexander Shaw.
|
| 264 |
|
1 |
|a [Place of publication not identified] :
|b [publisher not identified],],
|c 1962.
|
| 300 |
|
|
|a 14 pages ;
|c 28 cm.
|
| 336 |
|
|
|a text
|b txt
|2 rdacontent
|
| 337 |
|
|
|a unmediated
|b n
|2 rdamedia
|
| 338 |
|
|
|a volume
|b nc
|2 rdacarrier
|
| 500 |
|
|
|a "In addition to correcting various errors and supplying information missing in the original work, this addendum is intended to furnish those interested in liberty ships with a continuing account of surviving vessels ..."--Foreword.
|
| 650 |
|
0 |
|a Ship registers.
|
| 650 |
|
0 |
|a Merchant ships
|z United States
|x History.
|
| 999 |
|
|
|a MARS
|
| 999 |
f |
f |
|s 443db92c-cad6-321c-a2cb-7c48b9250854
|i 0f70761a-73b2-3aed-b744-3e138249b970
|t 0
|
| 952 |
f |
f |
|p noncirc
|a Texas A&M University
|b College Station
|c Cushing Memorial Library & Archives
|d Cushing: Ragan Military (Does not check out)
|t 0
|e VM391 .S3952 1962
|h Library of Congress classification
|i unmediated -- volume
|
| 998 |
f |
f |
|a VM391 .S3952 1962
|t 0
|l Cushing: Ragan Military (Does not check out)
|